[Event "DMP-III LIGA Senior PK 2020"]
[Site "Bystre"]
[Date "2020.07.08"]
[Round "1.12"]
[White "Wolak, Julia"]
[Black "Tarsa, Joanna"]
[Result "1/2-1/2"]
[WhiteElo "1516"]
[BlackElo "1574"]
[Annotator "NA RC"]
[PlyCount "50"]
[EventDate "2020.07.05"]
[EventType "team-tourn"]
[EventCountry "POL"]
[SourceTitle "playchess.com"]
[Source "ChessBase"]
[SourceQuality "1"]
[TimeControl "5400+30"]

1. e4 c5 2. Nf3 Nc6 3. d4 cxd4 4. Nxd4 e5 5. Nb5 d6 6. Be2 Nf6 7. Bg5 Be7 8. N1c3 a6 9. Na3 b5 10. Nd5 Nxe4 11. Nxe7 Nxe7 12. Bf3 Bb7 13. O-O O-O 14. c4 b4 15. Nc2 a5 16. Ne3 Qd7 17. Bxe7 Qxe7 18. Nf5 Qg5 19. Bxe4 Bxe4 20. Ng3 Qg6 21. Nxe4 Qxe4 22. Qxd6 Rfd8 23. Qe7 Re8 24. Qc5 Rec8 25. Qe7 Re8 1/2-1/2

[Event "DMP-III LIGA Senior PK 2020"]
[Site "Bystre"]
[Date "2020.07.08"]
[Round "1.13"]
[White "Piekarski, Lukasz"]
[Black "Lach, Dariusz"]
[Result "1-0"]
[WhiteElo "1901"]
[BlackElo "1748"]
[Annotator "TA"]
[PlyCount "71"]
[EventDate "2020.07.05"]
[EventType "team-tourn"]
[EventCountry "POL"]
[SourceTitle "playchess.com"]
[Source "ChessBase"]
[SourceQuality "1"]

{[%evp 16,71,30,33,62,36,59,52,60,38,72,67,58,61,66,76,75,76,75,75,88,88,146,148,215,199,200,180,204,117,276,287,312,229,247,174,812,816,804,800,737,587,29992,849,842,779,1036,1014,960,647,659,639,29994,29995,29996,29997,29997,29998]} 1. e4 c6 2. d4 d5 3. exd5 cxd5 4. Bd3 Nc6 5. c3 Nf6 6. h3 g6 7. Nf3 Bg7 8. O-O O-O 9. Re1 e6 {B13: Caro-Kann: Exchange Variation and Panov-Botvinnik Attack.} 10. Bf4 a6 11. Nbd2 {[%cal Bb1d2,Bd2f3,Bf3h2,Bh2g4,Bg4h6][%mdl 32]} Re8 {White is slightly better.} 12. Ne5 Nxe5 13. dxe5 {aiming for Bg5.} Nd7 14. Nf3 Nc5 15. Bc2 {[#]} b5 $146 ({Predecessor:} 15... Qc7 16. Qd2 Nd7 17. h4 Nb6 18. h5 Nc4 19. Qc1 b5 20. b3 Nb6 21. Bh6 Bh8 {1-0 (44) Berggren,M (1937)-Jaimes,F Belgrade 2010}) 16. Qd4 Qc7 17. Nh2 Nd7 18. Ng4 Qc6 (18... Qc5 $142) 19. Bh6 Bh8 (19... Bxh6 $16 {was called for.} 20. Nxh6+ Kg7) 20. Qf4 Qc7 21. Qf3 Bb7 {[#]} 22. Bf4 ({Better is} 22. Rad1 $1 $18) 22... Qd8 $2 (22... Rac8 $16 {was worth a try.}) 23. Nh6+ $18 Kf8 24. Qg3 $40 {[%mdl 128] White attacks with force.} Bg7 25. Re3 f5 $2 (25... Rc8) 26. exf6 Bxh6 27. Bxh6+ Kf7 28. Bg5 h5 29. Qh4 (29. Bxg6+ $142 Kg8 30. Bxh5 Re7 31. fxe7 Qc7 32. Qxc7 Re8 33. Bxe8 Nf6 34. Bxf6 e5 35. Bg6 Bc6 36. e8=Q+ Bxe8 37. Qg7#) 29... Rg8 30. Rae1 Nf8 31. f4 d4 32. Re5 {Strongly threatening f5.} d3 {[#]} 33. Bb3 $1 {[%cal Re5e6] White wants to mate with Rxe6.} d2 {[#]} 34. Rxe6 $1 {[%mdl 512] White mates.} Nxe6 35. Bxe6+ Kf8 36. Bh6+ {Black did not feel at home in the position after the opening. Accuracy: White = 61%, Black = 48%.} 1-0

[Event "DMP-III LIGA Senior PK 2020"]
[Site "Bystre"]
[Date "2020.07.08"]
[Round "1.14"]
[White "Lach, Ireneusz"]
[Black "Pasionek, Ariel"]
[Result "1/2-1/2"]
[WhiteElo "1897"]
[BlackElo "1914"]
[Annotator "TA"]
[PlyCount "75"]
[EventDate "2020.07.05"]
[EventType "team-tourn"]
[EventCountry "POL"]
[SourceTitle "playchess.com"]
[Source "ChessBase"]
[SourceQuality "1"]

{[%evp 22,75,54,64,57,63,57,35,40,35,41,45,73,52,91,101,169,147,129,94,100,76,77,81,91,79,154,157,139,59,96,88,417,199,175,40,42,52,60,60,57,58,212,206,206,195,164,72,58,43,114,109,91,57,119,57]} 1. e4 Nf6 2. Nc3 e5 3. Nf3 Nc6 4. d4 exd4 5. Nxd4 Bb4 6. Nxc6 Bxc3+ 7. bxc3 bxc6 8. Bd3 O-O 9. O-O Re8 10. Re1 d6 11. Bg5 h6 12. Bh4 g5 {C47: Scotch Four Knights and Four Knights with 4 g3.} 13. Bg3 Bg4 14. f3 Be6 {[#] White is slightly better.} 15. Qc1 $146 ({Predecessor:} 15. a3 Nh5 16. Bf2 Nf4 17. Bf1 a6 18. Rb1 c5 19. Rb7 Bc8 20. Rb2 Qf6 21. Qd2 {½-½ (66) Schneider,D (2105)-Zenkic,M (2010) Germany 2012}) 15... Rb8 16. Qa3 Rb7 17. Qa4 Qd7 18. Rab1 Reb8 (18... Rxb1 $16 19. Rxb1 Ra8) 19. Rxb7 $18 Rxb7 20. Qa6 Rb2 21. a4 $36 {[%mdl 2048] Keeping Black busy.} c5 22. Qxa7 c4 23. Bf1 Rxc2 ({Better is} 23... Qc6) 24. Ra1 $16 Nh5 25. a5 ({White should play} 25. Qd4 $16) 25... Nxg3 26. hxg3 {[#] And now a6 would win.} d5 $2 {[%mdl 8192]} (26... Qb5 $16 {is tougher.}) 27. Qd4 (27. a6 $142 {Black must now prevent Qb8+.} Rb2 28. Qa8+ Qc8 29. Qxc8+ Bxc8 30. a7) 27... dxe4 $18 28. Qxd7 (28. Qxe4 $18 Qd2 29. Qd4) 28... Bxd7 $14 29. fxe4 {a6 is the strong threat.} Rxc3 $18 {[%mdl 4096] Endgame KRB-KRB} 30. a6 {Threatens to win with a7.} Bc6 31. a7 Bxe4 $2 {[#]} (31... Ba8 $1 $14) 32. a8=Q+ Bxa8 33. Rxa8+ {KRB-KR} Kg7 34. Rc8 (34. g4 $18 {is more deadly.}) 34... Rxg3 $16 35. Bxc4 Rg4 ({Black should try} 35... Rc3 $14 36. Rxc7 Kh8) 36. Rxc7 Rf4 37. Kh2 Rf6 (37... h5 $14) 38. Rc8 {Accuracy: White = 56%, Black = 43%.} (38. g4 $16) 1/2-1/2

[Event "DMP-III LIGA Senior PK 2020"]
[Site "Bystre"]
[Date "2020.07.08"]
[Round "1.15"]
[White "Samek, Ryszard"]
[Black "Janzer, Hubert"]
[Result "*"]
[WhiteElo "1993"]
[BlackElo "1893"]
[Annotator "TA"]
[PlyCount "29"]
[EventDate "2020.07.05"]
[EventType "team-tourn"]
[EventCountry "POL"]
[SourceTitle "playchess.com"]
[Source "ChessBase"]
[SourceQuality "1"]

{[%evp 23,29,52,50,37,59,58,56,52]} 1. d4 Nf6 2. c4 c5 3. Nf3 g6 4. Nc3 Bg7 5. e4 cxd4 6. Nxd4 d6 7. Be2 Nc6 8. Be3 O-O 9. O-O Bd7 10. Rc1 Nxd4 11. Bxd4 Bc6 12. f3 Qa5 {[#] White is slightly better.} 13. Be3 $146 {B38: Sicilian: Maroczy Bind with 5...Bg7 and 7...0-0.} ({Predecessor:} 13. Qd2 Rfc8 14. Rfd1 Qd8 15. Bf1 h5 16. Qf2 b6 17. e5 dxe5 18. Bxe5 Qf8 19. c5 Nd7 20. Bxg7 Qxg7 21. Ba6 Rd8 {½-½ (36) Skalkotas,N (2128)-Lappas,K (2059) Athens 2016}) 13... Rfd8 14. Qd2 e6 15. Rfd1 *

[Event "DMP-III LIGA Senior PK 2020"]
[Site "Bystre"]
[Date "2020.07.08"]
[Round "1.16"]
[White "Lach, Tomasz"]
[Black "Wojciechowski, Beniamin"]
[Result "1/2-1/2"]
[WhiteElo "1833"]
[BlackElo "1835"]
[Annotator "NA RC"]
[PlyCount "131"]
[EventDate "2020.07.05"]
[EventType "team-tourn"]
[EventCountry "POL"]
[SourceTitle "playchess.com"]
[Source "ChessBase"]
[SourceQuality "1"]
[TimeControl "5400+30"]

1. d4 {[%emt 0:00:00]} d5 {[%emt 0:00:00]} 2. Bf4 {[%emt 0:00:00]} Nf6 {[%emt 0:00:10]} 3. e3 {[%emt 0:00:05]} Bf5 {[%emt 0:00:04]} 4. c4 {[%emt 0:01:06]} c6 {[%emt 0:00:28]} 5. Qb3 {[%emt 0:03:34]} Qc8 {[%emt 0:01:24]} 6. Nc3 {[%emt 0:00:46] D10: Slav Defence: 3 cxd5 (without early Nf3) and 3 Nc3.} e6 {[%emt 0:00:14]} 7. Nf3 {[%emt 0:01:02]} Be7 {[%emt 0:04:28]} 8. Be2 {[%emt 0:00:18]} Nbd7 {[%emt 0:00:14]} 9. h3 {[%emt 0:00:38]} h6 {[%emt 0:01:00]} 10. O-O {[%emt 0:00:07]} O-O {[%emt 0:00:49]} 11. Rac1 {[%emt 0:00:41]} Nb6 {[%emt 0:06:32]} 12. Ne5 {[%emt 0:03:25]} Ne4 {[%emt 0:05:44]} 13. Nxe4 {[%emt 0:01:50]} Bxe4 {[%emt 0:00:42]} 14. f3 {[%emt 0:08:06] [#]} dxc4 $146 {[%emt 0:03:02]} ({Predecessor:} 14... Bh7 15. c5 Nd7 16. Nxd7 Qxd7 17. a4 Rfe8 18. Bd3 Bxd3 19. Qxd3 Bf6 20. Be5 Bg5 {0-1 (54) Cisneros,G (2034)-Schuster,C (2265) Vicente Lopez 2016}) 15. Nxc4 {[%emt 0:02:50]} Nxc4 {[%emt 0:00:45]} 16. Bxc4 {[%emt 0:00:27]} Bd5 {[%emt 0:00:19]} 17. e4 {[%emt 0:05:02]} Bxc4 {[%emt 0:00:50]} 18. Rxc4 {[%emt 0:00:26]} Rd8 {[%emt 0:02:24]} 19. Rd1 {[%emt 0:02:35]} Rd7 {[%emt 0:05:16]} 20. Rc3 {[%emt 0:08:04]} Qd8 {[%emt 0:07:57]} 21. Rcd3 {[%emt 0:00:59]} Qb6 {[%emt 0:07:48]} 22. Qxb6 {[%emt 0:10:23]} axb6 {[%emt 0:00:06]} 23. a3 {[%emt 0:00:27]} Rad8 {[%emt 0:11:54]} 24. Kf1 {[%emt 0:03:26]} Bf6 {[%emt 0:02:21]} 25. e5 {[%emt 0:01:50]} Be7 {[%emt 0:00:45]} 26. Ke2 {[%emt 0:00:20]} Ra8 {[%emt 0:03:07]} 27. Be3 {[%emt 0:01:54]} b5 {[%emt 0:00:33]} 28. f4 {[%emt 0:01:41]} Rd5 {[%emt 0:06:56]} 29. g4 {[%emt 0:01:16]} Kh7 {[%emt 0:04:09]} 30. f5 {[%emt 0:07:05]} Rad8 {[%emt 0:02:47]} 31. b4 {[%emt 0:07:52]} R5d7 {[%emt 0:02:53]} 32. fxe6 {[%emt 0:09:28]} fxe6 {[%emt 0:00:11]} 33. Rf1 {[%emt 0:01:44]} Kg8 {[%emt 0:01:32]} 34. Rc3 {[%emt 0:03:21]} Ra8 {[%emt 0:00:28]} 35. Kd3 {[%emt 0:01:29]} Rdd8 {[%emt 0:03:29]} 36. Ke2 {[%emt 0:04:17]} Ra4 {[%emt 0:06:28]} 37. Rd3 {[%emt 0:02:26]} Rf8 {[%emt 0:02:27]} 38. Rxf8+ {[%emt 0:00:34]} Kxf8 {[%emt 0:01:17]} 39. Bc1 {[%emt 0:01:08]} Ra8 {[%emt 0:03:13]} 40. Rf3+ {[%emt 0:01:26]} Kg8 {[%emt 0:00:10]} 41. Kd3 {[%emt 0:00:26]} Rd8 {[%emt 0:01:37]} 42. Ke4 {[%emt 0:00:25]} Rd7 {[%emt 0:00:50]} 43. Be3 {[%emt 0:01:16]} Rd8 {[%emt 0:01:01]} 44. Bf2 {[%emt 0:00:34]} Rf8 {[%emt 0:00:51]} 45. Rxf8+ {[%emt 0:00:51]} Kxf8 {[%emt 0:00:08]} 46. h4 {[%emt 0:00:32]} Kf7 {[%emt 0:00:07]} 47. Kd3 {[%emt 0:00:38]} g6 {[%emt 0:00:39]} 48. h5 {[%emt 0:00:43]} Bg5 {[%emt 0:01:17]} 49. Kc2 {[%emt 0:00:33]} Bf4 {[%emt 0:01:08]} 50. Kb3 {[%emt 0:00:34]} Bg5 {[%emt 0:00:17]} 51. a4 {[%emt 0:00:11]} gxh5 {[%emt 0:00:17]} 52. gxh5 {[%emt 0:00:09]} Ke7 {[%emt 0:00:11]} 53. axb5 {[%emt 0:00:43]} cxb5 {[%emt 0:00:09]} 54. Kc3 {[%emt 0:00:34]} Kd7 {[%emt 0:01:21]} 55. Kd3 {[%emt 0:02:26]} Kc7 {[%emt 0:01:26]} (55... Kc6 $11) 56. Be3 {[%emt 0:00:38]} ({White should try} 56. Be1 $16) 56... Bxe3 {[%emt 0:00:06]} 57. Kxe3 {[%emt 0:00:04]} Kd7 {[%emt 0:00:51]} 58. Ke4 {[%emt 0:01:17]} Kc6 {[%emt 0:00:09]} 59. d5+ {[%emt 0:02:09]} exd5+ {[%emt 0:01:06]} 60. Kd4 {[%emt 0:00:26]} b6 {[%emt 0:00:09]} 61. e6 {[%emt 0:00:11]} Kd6 {[%emt 0:00:08]} 62. e7 $11 {[%emt 0:00:05]} Kxe7 {[%emt 0:00:03]} 63. Kxd5 {[%emt 0:00:05]} Kd7 {[%emt 0:01:39]} 64. Ke5 {[%emt 0:00:17]} Ke7 {[%emt 0:00:05]} 65. Kf5 {[%emt 0:00:13]} Kf7 {[%emt 0:00:05]} 66. Ke5 {[%emt 0:00:08]} 1/2-1/2

[Event "DMP-III LIGA Senior PK 2020"]
[Site "Bystre"]
[Date "2020.07.08"]
[Round "1.17"]
[White "Borukalo, Zdzislaw"]
[Black "Lach, Mateusz"]
[Result "0-1"]
[WhiteElo "1679"]
[BlackElo "1674"]
[Annotator "NA RC"]
[PlyCount "128"]
[EventDate "2020.07.05"]
[EventType "team-tourn"]
[EventCountry "POL"]
[SourceTitle "playchess.com"]
[Source "ChessBase"]
[SourceQuality "1"]
[TimeControl "5400+30"]

1. e4 {[%emt 0:00:00]} e6 {[%emt 0:00:00]} 2. d4 {[%emt 0:00:00]} d5 {[%emt 0:00:00]} 3. e5 {[%emt 0:00:06]} c5 {[%emt 0:00:00]} 4. c3 {[%emt 0:00:12]} Nc6 {[%emt 0:00:10]} 5. Nf3 {[%emt 0:00:10]} a6 {[%emt 0:00:39]} 6. a3 {[%emt 0:05:10]} c4 {[%emt 0:00:15]} 7. g3 {[%emt 0:02:07]} b5 {[%emt 0:00:17]} 8. Nbd2 {[%emt 0:03:47]} Bd7 {[%emt 0:00:31]} 9. h4 {[%emt 0:12:33]} a5 {[%emt 0:00:18]} 10. Bg2 {[%emt 0:05:08]} h6 {[%emt 0:00:12]} 11. O-O {[%emt 0:04:12]} a4 {[%emt 0:00:55]} 12. Ne1 {[%emt 0:01:25]} Qc7 {[%emt 0:02:41]} 13. Nc2 {[%emt 0:04:07]} O-O-O {[%emt 0:00:39]} 14. f4 {[%emt 0:12:25]} f5 {[%emt 0:01:36]} 15. Nf3 {[%emt 0:08:29]} Be8 {[%emt 0:01:32]} 16. Qe1 {[%emt 0:05:21]} Bh5 {[%emt 0:02:05]} 17. Be3 {[%emt 0:01:15]} Re8 {[%emt 0:00:46]} 18. Nd2 {[%emt 0:01:36]} Be7 {[%emt 0:00:18]} 19. Bf3 {[%emt 0:00:32]} Bf7 {[%emt 0:00:39]} 20. Qe2 {[%emt 0:02:07]} Qd8 {[%emt 0:00:21]} 21. h5 {[%emt 0:03:33]} g5 {[%emt 0:02:05]} 22. hxg6 {[%emt 0:00:12]} Bxg6 {[%emt 0:00:13]} 23. Bh5 {[%emt 0:00:34]} Bxh5 {[%emt 0:00:49]} 24. Qxh5 {[%emt 0:00:08]} Bf8 {[%emt 0:02:53]} 25. Nb4 {[%emt 0:01:47]} Nxb4 {[%emt 0:00:50]} 26. axb4 {[%emt 0:03:22]} Re7 {[%emt 0:00:48]} 27. Kf2 {[%emt 0:01:55]} Qe8 {[%emt 0:00:33]} 28. Qf3 {[%emt 0:02:24]} Rg7 {[%emt 0:00:49]} 29. b3 {[%emt 0:02:24]} cxb3 {[%emt 0:00:13]} 30. Nxb3 {[%emt 0:00:14]} h5 {[%emt 0:01:08]} 31. Rh1 {[%emt 0:04:16]} Rg4 {[%emt 0:00:20]} 32. Nc5 {[%emt 0:03:14]} h4 {[%emt 0:01:24]} 33. gxh4 {[%emt 0:04:00]} Rgxh4 {[%emt 0:00:05]} 34. Rxh4 {[%emt 0:00:44]} Rxh4 {[%emt 0:00:06]} 35. Rh1 {[%emt 0:00:49]} Rxh1 {[%emt 0:00:43]} 36. Qxh1 {[%emt 0:00:10]} Nh6 {[%emt 0:00:30]} 37. Bc1 {[%emt 0:02:28]} Bxc5 {[%emt 0:01:30]} 38. bxc5 {[%emt 0:01:51]} Ng4+ {[%emt 0:01:07]} 39. Kf3 {[%emt 0:00:18]} Qf8 {[%emt 0:02:04]} 40. Qh5 {[%emt 0:01:02]} Kd8 {[%emt 0:01:51]} 41. Qh7 {[%emt 0:00:43]} Qh6 {[%emt 0:00:32]} 42. Qxh6 {[%emt 0:00:50]} Nxh6 {[%emt 0:00:11]} 43. Ba3 {[%emt 0:01:21]} Ng8 {[%emt 0:00:02]} 44. Ke3 {[%emt 0:01:17]} Ne7 {[%emt 0:00:04]} 45. Kf3 {[%emt 0:00:40]} Nc6 {[%emt 0:00:05]} 46. Ke3 {[%emt 0:00:06]} Na5 {[%emt 0:00:14]} 47. Kd3 {[%emt 0:01:44]} Nc4 {[%emt 0:00:03]} 48. Bc1 {[%emt 0:00:26]} Kc7 {[%emt 0:01:08]} 49. Kc2 {[%emt 0:00:22]} Kb7 {[%emt 0:00:14]} 50. Bd2 {[%emt 0:00:47]} Ka6 {[%emt 0:00:04]} 51. Bc1 {[%emt 0:00:28]} Ka7 {[%emt 0:01:35]} 52. Kb1 {[%emt 0:00:11]} Kb7 {[%emt 0:00:16]} 53. Ka2 {[%emt 0:00:32]} Ka6 {[%emt 0:00:20]} 54. Kb1 {[%emt 0:00:53]} Ka5 {[%emt 0:00:11]} 55. Ka2 {[%emt 0:00:24]} b4 {[%emt 0:00:48]} 56. cxb4+ {[%emt 0:00:14]} Kxb4 {[%emt 0:00:52]} 57. c6 {[%emt 0:00:45]} Nb6 {[%emt 0:01:30]} 58. Ba3+ {[%emt 0:00:23]} Kb5 {[%emt 0:02:01]} 59. c7 {[%emt 0:00:46]} Kc6 {[%emt 0:00:17]} 60. Bd6 {[%emt 0:00:24]} Kb7 {[%emt 0:00:28]} 61. Ka3 {[%emt 0:00:24]} Nc4+ {[%emt 0:00:47]} 62. Kxa4 {[%emt 0:00:25]} Nb2+ {[%emt 0:00:47]} 63. Kb5 {[%emt 0:00:36]} Nd3 {[%emt 0:00:13]} 64. c8=Q+ {[%emt 0:01:12]} Kxc8 {[%emt 0:00:45]} 0-1

[Event "DMP-III LIGA Senior PK 2020"]
[Site "Bystre"]
[Date "2020.07.08"]
[Round "1.18"]
[White "Wladyka, Angelika"]
[Black "Krzysztynska, Anna"]
[Result "0-1"]
[WhiteElo "1601"]
[BlackElo "1857"]
[Annotator "NA RC"]
[PlyCount "96"]
[EventDate "2020.07.05"]
[EventType "team-tourn"]
[EventCountry "POL"]
[SourceTitle "playchess.com"]
[Source "ChessBase"]
[SourceQuality "1"]
[TimeControl "5400+30"]

1. e4 {[%emt 0:00:00]} e5 {[%emt 0:00:00]} 2. Nf3 {[%emt 0:00:00]} Nc6 {[%emt 0:00:00]} 3. Bc4 {[%emt 0:00:19]} Bc5 {[%emt 0:00:37]} 4. d3 {[%emt 0:01:08]} Nf6 {[%emt 0:00:43]} 5. Nc3 {[%emt 0:01:44]} d6 {[%emt 0:00:36]} 6. h3 {[%emt 0:02:48]} O-O {[%emt 0:00:43]} 7. O-O {[%emt 0:00:55]} Be6 {[%emt 0:01:11]} 8. Bb3 {[%emt 0:01:02]} a6 {[%emt 0:05:57] C50: Hungarian Defence and Giuoco Pianissimo.} 9. Bg5 {[%emt 0:09:00]} h6 {[%emt 0:01:29]} 10. Bh4 {[%emt 0:08:28] [#]} g5 $146 {[%emt 0:06:53]} ({Predecessor:} 10... Bxb3 11. axb3 Qe7 12. Nd5 Qe6 13. Nxc7 Qe7 14. Nxa8 Rxa8 15. Nh2 Qe6 16. Bxf6 Qxf6 17. Nf3 Rc8 18. Nh2 Ba7 19. Qf3 {1-0 (29) Lieske,A (1620)-Blauhut,A (1216) Playchess.com INT 2020}) 11. Bg3 {[%emt 0:06:55]} Nh5 {[%emt 0:04:04]} 12. Kh1 {[%emt 0:06:52]} Nf4 13. Bxf4 {[%emt 0:10:10]} gxf4 {[%emt 0:03:22]} 14. Nh2 {[%emt 0:13:52]} Kh7 {[%emt 0:04:54]} 15. Qh5 {[%emt 0:02:57]} Qf6 {[%emt 0:11:04]} 16. Nd5 {[%emt 0:04:22]} Bxd5 {[%emt 0:02:42]} 17. Bxd5 {[%emt 0:00:09]} Qg6 {[%emt 0:01:33]} 18. Qxg6+ {[%emt 0:09:18]} fxg6 {[%emt 0:00:16]} 19. c3 {[%emt 0:00:52]} Rab8 {[%emt 0:02:33]} 20. b4 {[%emt 0:00:55]} Ba7 {[%emt 0:00:51]} 21. a4 {[%emt 0:02:00]} Ne7 {[%emt 0:03:00]} 22. Bb3 {[%emt 0:00:36]} c5 {[%emt 0:06:53]} 23. Rac1 {[%emt 0:05:26]} Rbc8 {[%emt 0:03:45]} 24. Kg1 {[%emt 0:02:19]} b5 {[%emt 0:06:01]} 25. axb5 {[%emt 0:01:06]} axb5 {[%emt 0:00:05]} 26. Ra1 {[%emt 0:00:23]} Bb6 {[%emt 0:04:58]} 27. Ra6 {[%emt 0:00:47]} Rb8 {[%emt 0:02:16]} 28. Nf3 {[%emt 0:01:19]} cxb4 {[%emt 0:00:39]} 29. cxb4 {[%emt 0:00:10]} Nc6 {[%emt 0:00:35]} 30. Rd1 {[%emt 0:02:27]} Nxb4 {[%emt 0:01:25]} 31. Raa1 {[%emt 0:00:16]} Nc6 {[%emt 0:03:51]} 32. Rd2 {[%emt 0:02:30]} Rfc8 {[%emt 0:05:04]} 33. Rc2 {[%emt 0:01:18] [#]} (33. Be6 $17 {was worth a try.}) 33... Nb4 $1 {[%emt 0:02:28]} 34. Rxc8 {[%emt 0:02:12]} Rxc8 {[%emt 0:00:05]} 35. Ne1 {[%emt 0:00:58]} Rc3 {[%emt 0:02:27]} 36. Rb1 {[%emt 0:00:12]} Nxd3 {[%emt 0:00:53]} 37. Nxd3 {[%emt 0:00:17]} Rxd3 {[%emt 0:00:07]} 38. Bd5 {[%emt 0:01:23]} h5 {[%emt 0:02:40]} 39. Kf1 {[%emt 0:00:43]} Rd2 {[%emt 0:00:53]} 40. Rxb5 {[%emt 0:00:20]} Rxf2+ {[%emt 0:00:16]} 41. Ke1 {[%emt 0:00:13]} Be3 {[%emt 0:01:32]} 42. h4 {[%emt 0:01:25]} Rxg2 {[%emt 0:03:29]} 43. Rb8 {[%emt 0:00:08]} (43. Rb7+ $19 Kh6 44. Bg8) 43... Rh2 {[%emt 0:01:55]} 44. Bg8+ {[%emt 0:00:16]} Kg7 {[%emt 0:01:11]} 45. Bd5 {[%emt 0:00:24]} Rxh4 {[%emt 0:00:27]} 46. Rd8 {[%emt 0:00:46]} f3 {[%emt 0:00:41]} 47. Rd7+ {[%emt 0:00:18]} Kh6 $19 {[%emt 0:00:13]} 48. Rxd6 {[%emt 0:00:38]} Rh1# {[%emt 0:00:09]} 0-1

[Event "DMP-III LIGA Senior PK 2020"]
[Site "Bystre"]
[Date "2020.07.08"]
[Round "1.19"]
[White "Kopczyk, Daniel"]
[Black "Czarnecki, Wojciech"]
[Result "*"]
[WhiteElo "2137"]
[BlackElo "1965"]
[Annotator "RC"]
[PlyCount "27"]
[EventDate "2020.07.05"]
[EventType "team-tourn"]
[EventCountry "POL"]
[SourceTitle "playchess.com"]
[Source "ChessBase"]
[SourceQuality "1"]
[TimeControl "5400+30"]

1. d4 {[%emt 0:00:00]} f5 {[%emt 0:00:00]} 2. Nc3 {[%emt 0:00:18]} Nf6 {[%emt 0:00:00]} 3. Bg5 {[%emt 0:00:05]} e6 {[%emt 0:00:48]} 4. e4 {[%emt 0:02:03]} fxe4 {[%emt 0:00:31]} 5. Nxe4 {[%emt 0:00:10]} Be7 {[%emt 0:00:12]} 6. Bxf6 {[%emt 0:00:57]} Bxf6 {[%emt 0:00:16]} 7. Nf3 {[%emt 0:00:17]} O-O {[%emt 0:02:23]} 8. Bd3 {[%emt 0:00:44]} b6 {[%emt 0:02:11]} 9. Qe2 {[%emt 0:01:40]} Bb7 {[%emt 0:01:11]} 10. O-O {[%emt 0:05:16]} Nc6 {[%emt 0:10:02]} 11. c3 {[%emt 0:01:24]} Qe7 {[%emt 0:03:46]} 12. Rfe1 {[%emt 0:01:28]} Rae8 {[%emt 0:05:32]} 13. Rad1 {[%emt 0:00:38]} Kh8 {[%emt 0:03:00]} 14. Bc2 {[%emt 0:02:07]} *

[Event "DMP-III LIGA Senior PK 2020"]
[Site "Bystre"]
[Date "2020.07.08"]
[Round "1.20"]
[White "Kopacz, Lukasz"]
[Black "Mrozowski, Patryk"]
[Result "0-1"]
[WhiteElo "1913"]
[BlackElo "2065"]
[Annotator "TA"]
[PlyCount "104"]
[EventDate "2020.07.05"]
[EventType "team-tourn"]
[EventCountry "POL"]
[SourceTitle "playchess.com"]
[Source "ChessBase"]
[SourceQuality "1"]

{[%evp 9,104,-75,-72,-74,-71,-68,-44,-73,-46,-70,-27,-83,-50,-64,-56,-104,-101,-183,-174,-285,-250,-250,-252,-252,-250,-254,-239,-257,-257,-257,-257,-339,-344,-336,-294,-314,-265,-336,-340,-350,-249,-390,-315,-538,-302,-305,-212,-308,-303,-302,-290,-355,-370,-359,-332,-341,-236,-222,-200,-208,-64,-355,-305,-391,-156,-247,-201,-289,-285,-302,-268,-266,-253,-284,-290,-515,-519,-617,-480,-429,-448,-554,-488,-533,-494,-1032,-855,-1263,-1247,-1125,-1142,-29981,-5399,-5122,-4089,-29988,-29984]} 1. c4 Nf6 2. g3 d5 3. Nf3 c5 4. b3 Nc6 5. Bb2 d4 $1 6. Bg2 {A30: Symmetrical English: Double Fianchetto and Hedgehog.} e5 7. d3 {[#]} h5 $146 ({Predecessor:} 7... Be7 8. O-O O-O 9. a3 Nd7 10. Nbd2 f5 11. Qc2 a5 12. e3 Nf6 13. Rae1 Bd6 14. exd4 exd4 {0-1 (45) Aguilar,N (1829)-Macias Chavarro,M (1625) Cartagena 2019}) 8. h3 {Black is slightly better.} Bd7 9. Nbd2 Be7 10. a3 (10. e3 $11) 10... Qc8 11. Qc2 Rb8 12. e4 a6 13. Ng5 {[#]} (13. h4 $17) 13... h4 $1 $19 14. O-O-O (14. Nf1 $142) 14... Nh5 15. gxh4 Nf4 16. Bf1 Rxh4 17. Ngf3 Rh7 18. Rg1 Qd8 19. h4 b5 20. cxb5 axb5 21. Kb1 Qa5 22. Bc1 Rd8 23. Bb2 g6 24. Re1 Be6 25. Rd1 (25. Ng5 {only move.} Bxg5 26. Rxg5) 25... Qa7 26. Kc1 $2 (26. Ng5 {might work better.} Rxh4 27. Nxe6 Nxe6 28. Nf3) 26... Kd7 27. Kb1 Rh5 28. Rg3 (28. Ng5 $142) 28... Rhh8 29. Rg1 {White hopes to continue with Ng5.} Kd6 30. Rg3 Bxh4 31. Nxh4 Rxh4 32. Nf3 Rhh8 33. Ng5 Bc8 34. Rc1 {[#] Threatening Nxf7+!} Ne6 (34... Rdf8 $1 $19 {Hoping for ...f6.} 35. b4 f6) 35. Qd2 $2 {[%mdl 8192] White does not recover from this.} (35. b4 $1 $15) 35... Nxg5 36. Rxg5 Rh4 $2 (36... Be6 $19 {and Black stays clearly on top. aiming for ...b4.} 37. f4 Na5) 37. Be2 (37. Bg2 $17) 37... Be6 38. Bd1 (38. b4 $142) 38... Rc8 39. f3 Qe7 40. Rg2 Kc7 41. Qe1 Rch8 42. Rcc2 $2 (42. Qd2) 42... Rh1 43. Qd2 Rxd1+ 44. Qxd1 Bxb3 45. Qd2 Bxc2+ 46. Qxc2 Kb6 47. a4 (47. Bc1 $142) 47... Nb4 48. Qb3 Qe6 49. Qxe6+ fxe6 50. axb5 Nxd3 (50... Rh1+ $142 51. Bc1 Nxd3 52. Rxg6 Rxc1+ 53. Ka2 c4 54. f4 exf4 55. Rg8 f3 56. Rb8+ Kc5 57. Rf8 f2 58. b6 Kxb6 59. Rf6 f1=Q 60. Rxe6+ Kb5 61. Re5+ Nxe5 62. Kb2 Ra1 63. Kc2 Qg2#) 51. Rg1 Kxb5 52. Rxg6 Kc4 {Accuracy: White = 34%, Black = 59%.} 0-1